[Event "Olimpiada de Khanty-Mansiysk 2010"]
[Site "Khanty-Mansiysk RUS"]
[Date "2010.09.28"]
[Round "7"]
[White "Tologontegin, Semetey"]
[Black "Bezgodov, Alexei"]
[Result "1/2-1/2"]
[WhiteElo "2320"]
[BlackElo "2485"]
[PlyCount "80"]
[EventDate "2010.09.21"]
[EventType "team"]
[EventRounds "11"]
[EventCountry "RUS"]
[Source "lmi"]
[SourceDate "2010.09.21"]
[WhiteTeam "Kyrgyzstan"]
[BlackTeam "RU4"]
[WhiteTeamCountry "KGZ"]

1. d4 d5 2. c4 e6 3. Nc3 a6 4. e3 Nf6 5. a4 c5 6. Nf3 Nc6 7. Be2 Bd6 8. O-O O-O
9. b3 b6 10. Bb2 Bb7 11. cxd5 exd5 12. Kh1 Re8 13. dxc5 Bxc5 14. Na2 Qe7 15.
Nd4 Qe5 16. Bf3 Ne4 17. Rc1 Qf6 18. Rc2 Nxd4 19. Bxd4 Bxd4 20. exd4 Rac8 21.
Rxc8 Rxc8 22. Kg1 g6 23. Qd3 Ng5 24. Bg4 Rc7 25. Rd1 Qf4 26. h3 Kg7 27. g3 Qf6
28. h4 Ne4 29. Bf3 a5 30. Kg2 Qd6 31. Rc1 Rxc1 32. Nxc1 Qb4 33. Qe3 Qd2 34.
Qxd2 Nxd2 35. Be2 Ne4 36. f3 Nd6 37. Bd3 Kf6 38. Kf2 h6 39. Ne2 g5 40. hxg5+
hxg5 1/2-1/2

[Event "Olimpiada de Khanty-Mansiysk 2010"]
[Site "Khanty-Mansiysk RUS"]
[Date "2010.09.28"]
[Round "7"]
[White "Genba, Vladimir"]
[Black "Shukuraliev, Algis"]
[Result "1/2-1/2"]
[WhiteElo "2445"]
[BlackElo "2332"]
[PlyCount "107"]
[EventDate "2010.09.21"]
[EventType "team"]
[EventRounds "11"]
[EventCountry "RUS"]
[Source "lmi"]
[SourceDate "2010.09.21"]
[WhiteTeam "RU4"]
[BlackTeam "Kyrgyzstan"]
[BlackTeamCountry "KGZ"]

1. e4 e5 2. Nf3 Nc6 3. Bb5 a6 4. Ba4 Nf6 5. O-O b5 6. Bb3 Bc5 7. c3 d6 8. d4
Bb6 9. h3 O-O 10. Be3 Re8 11. Nbd2 Bb7 12. Qb1 h6 13. Re1 Nh5 14. Qd3 Qf6 15.
d5 Na5 16. Bxb6 Nxb3 17. axb3 cxb6 18. Qe3 Reb8 19. g3 Qd8 20. Nh4 Bc8 21. Kh2
Qg5 22. Ng2 Nf6 23. Qxg5 hxg5 24. Ne3 g6 25. b4 Kf8 26. Ra3 Ke7 27. Rea1 Ra7
28. g4 Rc7 29. Kg3 Bb7 30. Rh1 Rh8 31. f3 Nd7 32. Raa1 Rcc8 33. Rh2 Rh4 34.
Rah1 Rch8 35. Ndf1 Ra8 36. Nd2 Rhh8 37. Ra1 a5 38. Rhh1 axb4 39. cxb4 Rhc8 40.
Kf2 Ra4 41. b3 Raa8 42. Ke2 Nf6 43. Rxa8 Rxa8 44. Rc1 Ne8 45. Nc2 Kd7 46. Ra1
Rxa1 47. Nxa1 Ke7 48. Nc2 Bc8 49. Ne3 Bd7 50. Nb1 Nc7 51. Nc3 f6 52. Kf2 Kf7
53. Kg3 Kg7 54. Kf2 1/2-1/2

[Event "Olimpiada de Khanty-Mansiysk 2010"]
[Site "Khanty-Mansiysk RUS"]
[Date "2010.09.28"]
[Round "7"]
[White "Samakov, Nurdin"]
[Black "Iljiushenok, Ilia"]
[Result "1-0"]
[WhiteElo "2356"]
[BlackElo "2412"]
[PlyCount "117"]
[EventDate "2010.09.21"]
[EventType "team"]
[EventRounds "11"]
[EventCountry "RUS"]
[Source "lmi"]
[SourceDate "2010.09.21"]
[WhiteTeam "Kyrgyzstan"]
[BlackTeam "RU4"]
[WhiteTeamCountry "KGZ"]

1. e4 c5 2. Nf3 Nc6 3. d4 cxd4 4. Nxd4 g6 5. c4 Nf6 6. Nc3 d6 7. Be2 Nxd4 8.
Qxd4 Bg7 9. Be3 O-O 10. Qd2 a5 11. O-O a4 12. f3 Qa5 13. Rac1 Be6 14. Nd5 Qxd2
15. Bxd2 Bxd5 16. cxd5 Nd7 17. Rc2 Bd4+ 18. Kh1 Nc5 19. Bg5 Bf6 20. Be3 b6 21.
Bb5 Bg7 22. Bc6 Ra7 23. Rb1 Rb8 24. Rc4 Ra5 25. Bd2 Ra6 26. Bb5 Ra7 27. g3 Kf8
28. Kg2 e6 29. Bf4 Ke7 30. dxe6 fxe6 31. Rd1 Rd8 32. Rb4 h6 33. Be2 Rb7 34. Be3
Ra8 35. h4 b5 36. Rxb5 Rxb5 37. Bxb5 Rb8 38. Bxc5 dxc5 39. Rd7+ Kf8 40. Bc4
Rxb2+ 41. Kh3 Rb6 42. Ra7 Bd4 43. Rxa4 e5 44. Bd5 Rf6 45. Kg2 Rb6 46. Ra7 h5
47. g4 Rb2+ 48. Kh3 hxg4+ 49. Kxg4 Rg2+ 50. Kh3 Rg1 51. a4 Be3 52. a5 Bf4 53.
a6 Rg3+ 54. Kh2 Rxf3+ 55. Kg2 Ra3 56. Rf7+ Ke8 57. a7 c4 58. Rxf4 Rxa7 59. Rf3
1-0

[Event "Olimpiada de Khanty-Mansiysk 2010"]
[Site "Khanty-Mansiysk RUS"]
[Date "2010.09.28"]
[Round "7"]
[White "Salem, A R  Saleh"]
[Black "Collins, Sam E"]
[Result "1/2-1/2"]
[WhiteElo "2501"]
[BlackElo "2431"]
[PlyCount "61"]
[EventDate "2010.09.21"]
[EventType "team"]
[EventRounds "11"]
[EventCountry "RUS"]
[Source "lmi"]
[SourceDate "2010.09.21"]
[WhiteTeam "Emiratos Arabes Unidos"]
[BlackTeam "Irlanda"]
[WhiteTeamCountry "UAE"]
[BlackTeamCountry "IRL"]

1. d4 d5 2. c4 e6 3. Nc3 Nf6 4. Bg5 Be7 5. cxd5 exd5 6. e3 Nbd7 7. Bd3 O-O 8.
Nge2 Re8 9. O-O c6 10. Qc2 Nf8 11. f3 Be6 12. Rae1 Rc8 13. Bh4 Nh5 14. Bf2 Bh4
15. g3 Be7 16. g4 Nf6 17. Nf4 g6 18. g5 N6d7 19. h4 c5 20. dxc5 Bxc5 21. Qe2
Bb4 22. Rd1 Bxc3 23. bxc3 Rxc3 24. Qb2 Qc7 25. Bg3 Qc5 26. Ne2 Qxe3+ 27. Bf2
Qxf3 28. Bg3 Qe3+ 29. Bf2 Qf3 30. Bg3 Qe3+ 31. Bf2 1/2-1/2

[Event "Olimpiada de Khanty-Mansiysk 2010"]
[Site "Khanty-Mansiysk RUS"]
[Date "2010.09.28"]
[Round "7"]
[White "Astaneh Lopez, Alex"]
[Black "AlHuwar, Jasem"]
[Result "1-0"]
[WhiteElo "2393"]
[BlackElo "2265"]
[PlyCount "73"]
[EventDate "2010.09.21"]
[EventType "team"]
[EventRounds "11"]
[EventCountry "RUS"]
[Source "lmi"]
[SourceDate "2010.09.21"]
[WhiteTeam "Irlanda"]
[BlackTeam "Emiratos Arabes Unidos"]
[WhiteTeamCountry "IRL"]
[BlackTeamCountry "UAE"]

1. e4 g6 2. d4 Bg7 3. Nc3 d6 4. Be3 a6 5. a4 Nd7 6. Bc4 e6 7. Nf3 Ne7 8. a5 O-O
9. Qd2 c6 10. h4 h5 11. Bg5 d5 12. Bb3 f5 13. exd5 exd5 14. O-O Nf6 15. Rfe1
Kh8 16. Ne5 Kh7 17. f3 Neg8 18. Ne2 Qd6 19. Nf4 Ne7 20. Nh3 Kg8 21. Nf4 Kh7 22.
Re2 Nfg8 23. Rae1 Bf6 24. Nh3 c5 25. dxc5 Qxc5+ 26. Kh1 Kg7 27. Nd3 Qd6 28. Bf4
Qd8 29. Ng5 Nc6 30. Nc5 Qxa5 31. Nce6+ Bxe6 32. Nxe6+ Kh8 33. Nxf8 Rxf8 34.
Qxa5 Nxa5 35. Bxd5 Bxh4 36. g3 Bd8 37. Re8 1-0

[Event "Olimpiada de Khanty-Mansiysk 2010"]
[Site "Khanty-Mansiysk RUS"]
[Date "2010.09.28"]
[Round "7"]
[White "Omar Noaman, Ali Ali"]
[Black "Heidenfeld, Mark"]
[Result "1/2-1/2"]
[WhiteElo "2220"]
[BlackElo "2360"]
[PlyCount "91"]
[EventDate "2010.09.21"]
[EventType "team"]
[EventRounds "11"]
[EventCountry "RUS"]
[Source "lmi"]
[SourceDate "2010.09.21"]
[WhiteTeam "Emiratos Arabes Unidos"]
[BlackTeam "Irlanda"]
[WhiteTeamCountry "UAE"]
[BlackTeamCountry "IRL"]

1. d4 e6 2. c4 f5 3. g3 Nf6 4. Bg2 Be7 5. Nf3 O-O 6. O-O Ne4 7. Qc2 Bf6 8. Nbd2
d5 9. e3 Nc6 10. a3 a5 11. b3 Bd7 12. Bb2 Be8 13. Rac1 Bh5 14. Rfe1 Be7 15. Nb1
g5 16. Nc3 Nxc3 17. Qxc3 Qd7 18. cxd5 Bxf3 19. dxc6 Qxc6 20. Qd2 Bxg2 21. Rxc6
Bxc6 22. Qc3 Bf6 23. Rc1 Rf7 24. Qd3 Bd5 25. a4 c6 26. Ba3 Be7 27. Bxe7 Rxe7
28. g4 Rf8 29. gxf5 exf5 30. Rc5 f4 31. Rxd5 cxd5 32. Qb5 Rf5 33. exf4 gxf4 34.
f3 Rg5+ 35. Kf2 Rh5 36. h4 Kg7 37. Qc5 Rf7 38. Qxa5 Rxh4 39. Qxd5 Rh2+ 40. Kf1
Rd2 41. Qg5+ Kf8 42. Qd8+ Kg7 43. b4 h6 44. Qd6 Kh7 45. Qe5 Rg7 46. Qf5+
1/2-1/2

[Event "Olimpiada de Khanty-Mansiysk 2010"]
[Site "Khanty-Mansiysk RUS"]
[Date "2010.09.28"]
[Round "7"]
[White "Daly, Colm"]
[Black "Abdulwahab, Marwan"]
[Result "1-0"]
[WhiteElo "2277"]
[BlackElo "2089"]
[PlyCount "74"]
[EventDate "2010.09.21"]
[EventType "team"]
[EventRounds "11"]
[EventCountry "RUS"]
[Source "lmi"]
[SourceDate "2010.09.21"]
[WhiteTeam "Irlanda"]
[BlackTeam "Emiratos Arabes Unidos"]
[WhiteTeamCountry "IRL"]
[BlackTeamCountry "UAE"]

1. Nf3 c5 2. c4 Nc6 3. Nc3 g6 4. e3 Nf6 5. d4 cxd4 6. exd4 d5 7. cxd5 Nxd5 8.
Bc4 Nxc3 9. Qb3 Bg7 10. Bxf7+ Kf8 11. bxc3 Na5 12. Qd5 Bf5 13. Qxd8+ Rxd8 14.
Bb3 Nxb3 15. axb3 a6 16. Bf4 Be4 17. Ke2 Bxf3+ 18. Kxf3 e5 19. dxe5 Rd3+ 20.
Ke4 Rxc3 21. Rac1 Rc6 22. Rxc6 bxc6 23. Rd1 Ke8 24. Bg5 Rf8 25. e6 Bf6 26. Bh6
Rg8 27. Rd7 Be7 28. Ra7 g5 29. Ke5 g4 30. Ra8+ Bd8 31. Be3 h5 32. Bc5 Rg5+ 33.
Kd6 h4 34. Kxc6 h3 35. gxh3 gxh3 36. f4 Rf5 37. Bd6 Rb5 1-0

[Event "Olimpiada de Khanty-Mansiysk 2010"]
[Site "Khanty-Mansiysk RUS"]
[Date "2010.09.28"]
[Round "7"]
[White "Al-Sayed, Mohammed"]
[Black "Battulga, Namkhai"]
[Result "1/2-1/2"]
[WhiteElo "2495"]
[BlackElo "2421"]
[PlyCount "125"]
[EventDate "2010.09.21"]
[EventType "team"]
[EventRounds "11"]
[EventCountry "RUS"]
[Source "lmi"]
[SourceDate "2010.09.21"]
[WhiteTeam "Qatar"]
[BlackTeam "Mongolia"]
[WhiteTeamCountry "QAT"]
[BlackTeamCountry "MGL"]

1. d4 d5 2. c4 c6 3. Nc3 Nf6 4. Nf3 e6 5. Bg5 h6 6. Bxf6 Qxf6 7. e3 Nd7 8. Bd3
g6 9. O-O Bg7 10. e4 dxc4 11. Bxc4 e5 12. d5 Nb6 13. Bb3 O-O 14. Re1 Rd8 15.
Re3 Bd7 16. Rd3 c5 17. Nd2 Rac8 18. Nc4 Nxc4 19. Bxc4 Qd6 20. a4 a6 21. Ra3 Rb8
22. a5 b5 23. axb6 Rxb6 24. Qa1 Bb5 25. Bxb5 axb5 26. Ra7 b4 27. Na4 Ra6 28.
Rxa6 Qxa6 29. Rd1 c4 30. b3 cxb3 31. Nc5 Qa2 32. Qb1 f5 33. Qxb3 Qxb3 34. Nxb3
fxe4 35. Kf1 Bf8 36. Ke2 Rc8 37. d6 Rd8 38. d7 Kf7 39. Ke3 Ke6 40. Kxe4 Bd6 41.
Rc1 Rxd7 42. Rc6 Rf7 43. Nc5+ Ke7 44. Nd3 Rf8 45. Rb6 Ra8 46. Nxe5 Bxe5 47.
Kxe5 Ra2 48. Rb7+ Kf8 49. f4 Rxg2 50. Kf6 Kg8 51. Rxb4 h5 52. h3 Kh7 53. Rb7+
Kh6 54. Rg7 Rg3 55. f5 Rxh3 56. Rxg6+ Kh7 57. Rg7+ Kh6 58. Re7 h4 59. Re4 Kh5
60. Ke7 Rf3 61. f6 h3 62. f7 h2 63. Re1 1/2-1/2

[Event "Olimpiada de Khanty-Mansiysk 2010"]
[Site "Khanty-Mansiysk RUS"]
[Date "2010.09.28"]
[Round "7"]
[White "Nezad, Husein Aziz"]
[Black "Batchuluun, Tsegmed"]
[Result "1/2-1/2"]
[WhiteElo "2394"]
[BlackElo "2422"]
[PlyCount "55"]
[EventDate "2010.09.21"]
[EventType "team"]
[EventRounds "11"]
[EventCountry "RUS"]
[Source "lmi"]
[SourceDate "2010.09.21"]
[WhiteTeam "Qatar"]
[BlackTeam "Mongolia"]
[WhiteTeamCountry "QAT"]
[BlackTeamCountry "MGL"]

1. d4 Nf6 2. c4 e6 3. Nc3 Bb4 4. Qc2 O-O 5. a3 Bxc3+ 6. Qxc3 d5 7. Nf3 dxc4 8.
Qxc4 b6 9. Bg5 Ba6 10. Qc2 Nbd7 11. e4 Bxf1 12. Rxf1 h6 13. Bh4 Qc8 14. Qc6 Rb8
15. Ne5 g5 16. Bg3 Qb7 17. Qxb7 Rxb7 18. f3 Nxe5 19. Bxe5 Nd7 20. Bg3 c5 21.
Rd1 cxd4 22. Rxd4 Rc8 23. Rf2 e5 24. Rd6 f6 25. Rfd2 Rcc7 26. Bf2 Kf7 27. Kd1
Nf8 28. Rd8 1/2-1/2

[Event "Olimpiada de Khanty-Mansiysk 2010"]
[Site "Khanty-Mansiysk RUS"]
[Date "2010.09.28"]
[Round "7"]
[White "Khatanbaatar, Bazar"]
[Black "Al-Tamimi, Hamad"]
[Result "1-0"]
[WhiteElo "2392"]
[BlackElo "2250"]
[PlyCount "77"]
[EventDate "2010.09.21"]
[EventType "team"]
[EventRounds "11"]
[EventCountry "RUS"]
[Source "lmi"]
[SourceDate "2010.09.21"]
[WhiteTeam "Mongolia"]
[BlackTeam "Qatar"]
[WhiteTeamCountry "MGL"]
[BlackTeamCountry "QAT"]

1. e4 c6 2. d4 d5 3. f3 e6 4. Nc3 Qb6 5. a4 Bb4 6. Be3 Nf6 7. e5 Nfd7 8. Kf2 c5
9. a5 Qc6 10. Nb5 cxd4 11. Nxd4 Qc7 12. c3 Be7 13. f4 a6 14. b4 O-O 15. Qc2 Nc6
16. Ngf3 b6 17. Bd3 bxa5 18. Nxc6 Qxc6 19. Nd4 Qc7 20. Bxh7+ Kh8 21. Rxa5 Nb6
22. Bd3 Nc4 23. Qe2 g6 24. Bxc4 dxc4 25. h4 Kg7 26. h5 Rh8 27. Qg4 Qb7 28. Rh3
Qe4 29. hxg6 Qxg6 30. Qxg6+ fxg6 31. Rxh8 Kxh8 32. b5 Bc5 33. Nf3 Be7 34. Nd2
Bb7 35. b6 Bd5 36. Ra4 Rf8 37. Kg3 g5 38. fxg5 Rf5 39. Nf3 1-0

[Event "Olimpiada de Khanty-Mansiysk 2010"]
[Site "Khanty-Mansiysk RUS"]
[Date "2010.09.28"]
[Round "7"]
[White "Morovic Fernandez, Ivan"]
[Black "Eid, Fadi"]
[Result "1-0"]
[WhiteElo "2580"]
[BlackElo "2387"]
[PlyCount "57"]
[EventDate "2010.09.21"]
[EventType "team"]
[EventRounds "11"]
[EventCountry "RUS"]
[Source "lmi"]
[SourceDate "2010.09.21"]
[WhiteTeam "Chile"]
[BlackTeam "Líbano"]
[WhiteTeamCountry "CHI"]
[BlackTeamCountry "LBN"]

1. Nf3 Nc6 2. e4 e5 3. Bb5 a6 4. Ba4 Nf6 5. O-O Be7 6. Re1 b5 7. Bb3 d6 8. c3
O-O 9. h3 Na5 10. Bc2 c5 11. d4 Qc7 12. d5 c4 13. b4 cxb3 14. axb3 Bd7 15. Ba3
Bd8 16. Bd3 Nb7 17. b4 Be7 18. Bc1 Rfc8 19. Re2 a5 20. Rea2 Qd8 21. Be3 axb4
22. cxb4 Rxa2 23. Rxa2 Ra8 24. Qe2 g6 25. Nc3 Rxa2 26. Qxa2 Qc7 27. Nxb5 Bxb5
28. Bxb5 Nxe4 29. Qa7 1-0

[Event "Olimpiada de Khanty-Mansiysk 2010"]
[Site "Khanty-Mansiysk RUS"]
[Date "2010.09.28"]
[Round "7"]
[White "Sakr, Nassim"]
[Black "Vasquez Schroeder, Rodrig"]
[Result "1/2-1/2"]
[WhiteElo "2177"]
[BlackElo "2521"]
[PlyCount "96"]
[EventDate "2010.09.21"]
[EventType "team"]
[EventRounds "11"]
[EventCountry "RUS"]
[Source "lmi"]
[SourceDate "2010.09.21"]
[WhiteTeam "Líbano"]
[BlackTeam "Chile"]
[WhiteTeamCountry "LBN"]
[BlackTeamCountry "CHI"]

1. d4 Nf6 2. Nf3 d6 3. Bf4 g6 4. Nbd2 Nh5 5. Bg5 h6 6. Bh4 Bg7 7. e3 f5 8. Bc4
Nc6 9. c3 Na5 10. Qa4+ c6 11. Bd3 g5 12. b4 gxh4 13. Nxh4 e6 14. g3 Bf6 15. Ng2
b5 16. Qxa5 Qxa5 17. bxa5 Bd8 18. Nb3 Rb8 19. O-O Nf6 20. Rac1 Bd7 21. f3 O-O
22. Bb1 Be7 23. Nf4 Kg7 24. Nd3 Rfc8 25. Rfd1 Be8 26. Kf2 Bf7 27. h3 h5 28. Re1
c5 29. dxc5 dxc5 30. Ne5 Bd6 31. Nxf7 Kxf7 32. c4 a6 33. e4 fxe4 34. Bxe4 h4
35. gxh4 Rh8 36. Rcd1 Be7 37. cxb5 Rxb5 38. Bd3 Rb4 39. Bxa6 Nd5 40. Re4 Bxh4+
41. Kg1 Rg8+ 42. Rg4 c4 43. Nc5 c3 44. Bd3 Ne3 45. Rxg8 Nxd1 46. Rc8 Bf2+ 47.
Kf1 Rb2 48. Rc7+ Kg8 1/2-1/2

[Event "Olimpiada de Khanty-Mansiysk 2010"]
[Site "Khanty-Mansiysk RUS"]
[Date "2010.09.28"]
[Round "7"]
[White "Campos Moreno, Javier B"]
[Black "El Jawich, Amro"]
[Result "1-0"]
[WhiteElo "2484"]
[BlackElo "2105"]
[PlyCount "43"]
[EventDate "2010.09.21"]
[EventType "team"]
[EventRounds "11"]
[EventCountry "RUS"]
[Source "lmi"]
[SourceDate "2010.09.21"]
[WhiteTeam "Chile"]
[BlackTeam "Líbano"]
[WhiteTeamCountry "CHI"]
[BlackTeamCountry "LBN"]

1. d4 Nf6 2. c4 g6 3. Nc3 Bg7 4. e4 d6 5. f3 O-O 6. Be3 a6 7. Qd2 Nbd7 8. Nge2
c5 9. d5 b5 10. cxb5 Qa5 11. Nc1 axb5 12. Bxb5 Ba6 13. Bxa6 Qxa6 14. Rb1 Nb6
15. b3 Nfd7 16. N1e2 c4 17. O-O Rfc8 18. Nd4 Nb8 19. Rfc1 Qa5 20. b4 Qa6 21. a4
Qb7 22. a5 1-0

[Event "Olimpiada de Khanty-Mansiysk 2010"]
[Site "Khanty-Mansiysk RUS"]
[Date "2010.09.28"]
[Round "7"]
[White "Maasarani, Mahmoud"]
[Black "Arancibia Guzman, Eduardo"]
[Result "0-1"]
[WhiteElo "2107"]
[BlackElo "2352"]
[PlyCount "114"]
[EventDate "2010.09.21"]
[EventType "team"]
[EventRounds "11"]
[EventCountry "RUS"]
[Source "lmi"]
[SourceDate "2010.09.21"]
[WhiteTeam "Líbano"]
[BlackTeam "Chile"]
[WhiteTeamCountry "LBN"]
[BlackTeamCountry "CHI"]

1. d4 Nf6 2. Nf3 c5 3. g3 e6 4. Bg2 cxd4 5. O-O a6 6. Nxd4 Be7 7. c4 O-O 8. Nc3
Qc7 9. Qd3 d6 10. b3 Nbd7 11. Bb2 Rd8 12. Rac1 Nf8 13. Rfd1 Bd7 14. b4 Ng6 15.
Ne4 Ne8 16. Nb3 Ba4 17. Qe3 Rac8 18. Bd4 Qb8 19. Bb6 Rd7 20. f4 Bd8 21. Bd4 Re7
22. Qd2 b6 23. Bf2 Rd7 24. g4 d5 25. cxd5 Rxd5 26. Rxc8 Qxc8 27. Qc1 Rxd1+ 28.
Qxd1 Nxf4 29. Bf3 Nh3+ 30. Kg2 Nxf2 31. Kxf2 Be7 32. a3 h6 33. Qd3 Qc7 34. Kg2
Bb5 35. Qc3 Qxc3 36. Nxc3 Bd7 37. Bb7 Nc7 38. Nd4 Bf6 39. e3 Kf8 40. Ne4 Bxd4
41. exd4 Ke7 42. Kf3 Nb5 43. Ke3 Nxa3 44. Kd3 a5 45. bxa5 bxa5 46. Nc3 Nb5 47.
Nxb5 Bxb5+ 48. Kc3 Kd6 49. Bf3 Bc6 50. Be2 Bd5 51. Bd1 g5 52. Be2 f5 53. gxf5
exf5 54. Bd1 Bf7 55. Kd3 f4 56. Ke4 Bg6+ 57. Kf3 Bh5+ 0-1

[Event "Olimpiada de Khanty-Mansiysk 2010"]
[Site "Khanty-Mansiysk RUS"]
[Date "2010.09.28"]
[Round "7"]
[White "Amonatov, Farrukh"]
[Black "Esen, Baris"]
[Result "1-0"]
[WhiteElo "2602"]
[BlackElo "2538"]
[PlyCount "160"]
[EventDate "2010.09.21"]
[EventType "team"]
[EventRounds "11"]
[EventCountry "RUS"]
[Source "lmi"]
[SourceDate "2010.09.21"]
[WhiteTeam "Tayikistán"]
[BlackTeam "Turquía"]
[WhiteTeamCountry "TJK"]
[BlackTeamCountry "TUR"]

1. e4 c5 2. Nf3 d6 3. d4 cxd4 4. Nxd4 Nf6 5. Nc3 a6 6. Be3 e5 7. Nb3 Be6 8. f4
exf4 9. Bxf4 Nc6 10. Qd2 d5 11. O-O-O Nxe4 12. Nxe4 dxe4 13. Qe3 Qf6 14. Qxe4
Be7 15. Bd3 Nb4 16. Be5 Qg5+ 17. Kb1 Bd5 18. Qe1 Rd8 19. Bc3 Bxb3 20. Bxb4 Be6
21. h4 Bxb4 22. Qxb4 Qe7 23. Qe4 Bd5 24. Qg4 g6 25. h5 O-O 26. Rde1 Qf6 27.
Rhf1 Qg7 28. Qg5 h6 29. Qg4 g5 30. Qe2 Rd6 31. g4 Be6 32. Bf5 Rfd8 33. Bxe6
Rxe6 34. Qf3 Rxe1+ 35. Rxe1 Qd4 36. a3 Rd7 37. Qf5 Kg7 38. Rf1 Re7 39. a4 Qe5
40. Qf3 Rd7 41. Rd1 Rc7 42. Rd5 Qe1+ 43. Rd1 Qe5 44. Rd5 Qe1+ 45. Rd1 Qb4 46.
Qf5 Re7 47. b3 Qc3 48. Qd5 Qf6 49. Qc4 b5 50. Qb4 bxa4 51. Qxa4 Re5 52. Qd4 a5
53. Qc4 Qe7 54. Rf1 Kg8 55. Rd1 Kg7 56. Rf1 Kg8 57. Rd1 Rc5 58. Qd4 Rb5 59. Kb2
Rb4 60. Qd8+ Qxd8 61. Rxd8+ Kg7 62. c4 a4 63. Ka3 Rxb3+ 64. Kxa4 Rb1 65. c5 Kf6
66. c6 Rc1 67. Kb5 Ke5 68. Kb6 Rb1+ 69. Ka6 Ra1+ 70. Kb7 Rb1+ 71. Kc8 f5 72.
gxf5 g4 73. Rg8 Kxf5 74. c7 Rb3 75. Kd7 Rd3+ 76. Ke7 Rc3 77. c8=Q+ Rxc8 78.
Rxc8 Kg5 79. Rc5+ Kh4 80. Kf6 g3 1-0

[Event "Olimpiada de Khanty-Mansiysk 2010"]
[Site "Khanty-Mansiysk RUS"]
[Date "2010.09.28"]
[Round "7"]
[White "Haznedaroglu, Kivanc"]
[Black "Isaev, Jamshed"]
[Result "0-1"]
[WhiteElo "2483"]
[BlackElo "2382"]
[PlyCount "44"]
[EventDate "2010.09.21"]
[EventType "team"]
[EventRounds "11"]
[EventCountry "RUS"]
[Source "lmi"]
[SourceDate "2010.09.21"]
[WhiteTeam "Turquía"]
[BlackTeam "Tayikistán"]
[WhiteTeamCountry "TUR"]
[BlackTeamCountry "TJK"]

1. e4 e5 2. Nf3 Nc6 3. Bb5 a6 4. Bxc6 dxc6 5. O-O Bg4 6. h3 h5 7. d3 Qf6 8.
Nbd2 Ne7 9. Re1 Ng6 10. d4 Bd6 11. c3 O-O-O 12. Qe2 exd4 13. e5 Bxe5 14. hxg4
hxg4 15. Nxe5 Nxe5 16. Qxe5 Qh4 17. Kf1 d3 18. f3 g3 19. Qf5+ Kb8 20. Qc5 Rd4
21. Qxd4 Qxd4 22. Re8+ Ka7 0-1

[Event "Olimpiada de Khanty-Mansiysk 2010"]
[Site "Khanty-Mansiysk RUS"]
[Date "2010.09.28"]
[Round "7"]
[White "Djuraev, Sokhib"]
[Black "Can, Emre"]
[Result "1/2-1/2"]
[WhiteElo "2397"]
[BlackElo "2500"]
[PlyCount "100"]
[EventDate "2010.09.21"]
[EventType "team"]
[EventRounds "11"]
[EventCountry "RUS"]
[Source "lmi"]
[SourceDate "2010.09.21"]
[WhiteTeam "Tayikistán"]
[BlackTeam "Turquía"]
[WhiteTeamCountry "TJK"]
[BlackTeamCountry "TUR"]

1. e4 c5 2. Ne2 d6 3. g3 g6 4. Bg2 Bg7 5. O-O Nc6 6. c3 e5 7. d3 Nge7 8. Bg5
O-O 9. a3 Be6 10. b4 a6 11. Nd2 h6 12. Bxe7 Nxe7 13. bxc5 dxc5 14. Nc4 b5 15.
Ne3 Rb8 16. Qc2 Qd7 17. c4 Rfc8 18. Nd5 Nc6 19. Rab1 Qd8 20. Qd2 Nd4 21. Nxd4
cxd4 22. Rfc1 Bf8 23. cxb5 axb5 24. Rxc8 Qxc8 25. Rc1 Qd8 26. f4 exf4 27. Nxf4
Bxa3 28. Ra1 Bf8 29. Nxe6 fxe6 30. Qf4 Bg7 31. Ra7 Qf8 32. Rf7 Qd8 33. Rd7 Qxd7
34. Qxb8+ Bf8 35. e5 b4 36. Qb6 Qc8 37. Be4 Kf7 38. Kg2 Qc5 39. Qb8 Qc2+ 40.
Kh3 Qf2 41. Qc7+ Be7 42. Bxg6+ Kxg6 43. Qxe7 Qf7 44. Qd8 b3 45. Qb8 b2 46. Kg2
Qd7 47. Qxb2 Qd5+ 48. Kf2 Qxe5 49. Qe2 Qd5 50. Qg4+ Kh7 1/2-1/2

[Event "Olimpiada de Khanty-Mansiysk 2010"]
[Site "Khanty-Mansiysk RUS"]
[Date "2010.09.28"]
[Round "7"]
[White "Fernando, Diogo"]
[Black "Polaczek, Richard"]
[Result "1/2-1/2"]
[WhiteElo "2475"]
[BlackElo "2385"]
[PlyCount "41"]
[EventDate "2010.09.21"]
[EventType "team"]
[EventRounds "11"]
[EventCountry "RUS"]
[Source "lmi"]
[SourceDate "2010.09.21"]
[WhiteTeam "Portugal"]
[BlackTeam "Bélgica"]
[WhiteTeamCountry "POR"]
[BlackTeamCountry "BEL"]

1. c4 e6 2. d4 Nf6 3. Nf3 c5 4. g3 cxd4 5. Nxd4 a6 6. Bg2 Qc7 7. O-O Qxc4 8.
Nc3 Nc6 9. Nb3 d5 10. Bf4 Qb4 11. Rc1 Be7 12. Bc7 Bd8 13. a3 Qe7 14. Bf4 Bc7
15. Bxc7 Qxc7 16. e4 O-O 17. exd5 Rd8 18. Re1 exd5 19. Nxd5 Nxd5 20. Qxd5 Bh3
21. Qc5 1/2-1/2

[Event "Olimpiada de Khanty-Mansiysk 2010"]
[Site "Khanty-Mansiysk RUS"]
[Date "2010.09.28"]
[Round "7"]
[White "Vandenbussche, Thibaut"]
[Black "Pereira, Ruben"]
[Result "0-1"]
[WhiteElo "2333"]
[BlackElo "2423"]
[PlyCount "140"]
[EventDate "2010.09.21"]
[EventType "team"]
[EventRounds "11"]
[EventCountry "RUS"]
[Source "lmi"]
[SourceDate "2010.09.21"]
[WhiteTeam "Bélgica"]
[BlackTeam "Portugal"]
[WhiteTeamCountry "BEL"]
[BlackTeamCountry "POR"]

1. e4 c5 2. Nf3 d6 3. d4 cxd4 4. Nxd4 Nf6 5. Nc3 a6 6. Bc4 e6 7. O-O Be7 8. Re1
O-O 9. Bb3 Nc6 10. Re3 Bd7 11. Rg3 Kh8 12. Bg5 b5 13. a3 Qb6 14. Nxc6 Bxc6 15.
Bxf6 Bxf6 16. Qxd6 Rad8 17. Qf4 Qc5 18. Qe3 Bd4 19. Qe2 f5 20. Rh3 fxe4 21. Nd1
Qg5 22. Rg3 Qf6 23. c3 Be5 24. Rh3 Bf4 25. Ne3 Be8 26. Rf1 Bg6 27. a4 Qe5 28.
axb5 axb5 29. Qg4 Bf5 30. Nxf5 exf5 31. Qg6 Bh6 32. Qe6 Qxe6 33. Bxe6 Rd6 34.
Bb3 Rd2 35. Rd1 Rxb2 36. Be6 Bd2 37. g4 fxg4 38. Bxg4 g6 39. Bd7 Rf3 40. Rxf3
exf3 41. Bc6 Bxc3 42. Bxf3 b4 43. Be4 Re2 44. Rd8+ Kg7 45. Rd7+ Kh6 46. Bd3 Rd2
47. Rd5 b3 48. Be4 Bd4 49. Kh1 b2 50. f3 Re2 51. Rb5 Be5 52. h3 Kg7 53. Kg1 Kf6
54. h4 Bd4+ 55. Kf1 Rh2 56. h5 gxh5 57. Bxh7 h4 58. Rd5 Be5 59. Kg1 h3 60. f4
Rg2+ 61. Kh1 Bc7 62. Rh5 Rg3 63. Bc2 Rc3 64. Be4 Re3 65. Bh7 Bxf4 66. Kg1 h2+
67. Kf2 Re5 68. Rh3 Rf5 69. Bxf5 Kxf5 70. Rh5+ Ke4 0-1

[Event "Olimpiada de Khanty-Mansiysk 2010"]
[Site "Khanty-Mansiysk RUS"]
[Date "2010.09.28"]
[Round "7"]
[White "Fernandes, Antonio"]
[Black "Rooze, Jan"]
[Result "1-0"]
[WhiteElo "2422"]
[BlackElo "2288"]
[PlyCount "75"]
[EventDate "2010.09.21"]
[EventType "team"]
[EventRounds "11"]
[EventCountry "RUS"]
[Source "lmi"]
[SourceDate "2010.09.21"]
[WhiteTeam "Portugal"]
[BlackTeam "Bélgica"]
[WhiteTeamCountry "POR"]
[BlackTeamCountry "BEL"]

1. d4 Nf6 2. Nf3 e6 3. g3 c5 4. Bg2 cxd4 5. Nxd4 d5 6. O-O e5 7. Nb3 Nc6 8. Bg5
Be6 9. Nc3 d4 10. Ne4 Be7 11. Bxf6 gxf6 12. c3 dxc3 13. Nxc3 Qxd1 14. Rfxd1 O-O
15. Nd5 Bd8 16. Nc5 Rb8 17. Rac1 Kg7 18. e3 f5 19. b4 Bc8 20. a3 Re8 21. Bf1 e4
22. Bb5 Rh8 23. Nf4 Ne5 24. Rd5 Nf3+ 25. Kg2 h5 26. h4 Bf6 27. Rcd1 Ne5 28. Nd7
Bxd7 29. Bxd7 Nxd7 30. Rxd7 Be5 31. Ne6+ Kg6 32. Nd8 Rf8 33. Nxb7 Bb2 34. R1d6+
f6 35. Ra6 Ra8 36. Nc5 Rf7 37. Rxf7 Kxf7 38. b5 1-0